LEADER 00603nam a2200157 i 4500 001 000000160776 003 CaOOAMICUS 005 20070413000000.0 008 070413s1910 xx u000 u mul u 013 $a138139 040 $aSeMil$bita 245 10$a[Tome 3]. 773 0 $aHepites, Antoine Th.$tLEXIKON ELLENOGALLIKON (KAI GALLOELLENIKON) TES LALOYMENES ELLENIKES GLOSSES (ETOI KATHAREYOYSES KAI DEMODOYS).$dAthene : Petrakoy, 1908-1910.$w()17605 850 $aSeMil 852 $aSeMil$W1$xVenegono$y1$m1X VI 18$j245806$B112229$CSeMilBibl$Z2$F122292 $8I 996 $6245$a[Tome 3]$9(OLS)http://semarc/title/95323 LEADER 00633naa a2200145 i 4500 001 000000301573 003 CaOOAMICUS 005 20180831172725.0 008 180831n xx u000 u und u 013 $a9302 040 $aSeMil$bita 100 1 $aD'Agostino, Enzo.$0(OLS)http://semarc/name/86568 245 10$aIstituzione e prime vicende del seminario di Gerace (1565-1700) 773 0 $aIstituto nazionale dell'informazione $tRepubblica italiana, 1948-1998.$dRoma : Editoriale Italiana, 2000.$z88-86922-11-6$z9788886922111$w()35474 996 $6245$aIstituzione e prime vicende del seminario di Gerace (1565-1700)$9(OLS)http://semarc/title/377568